|
|
|
|
| LEADER |
00715nam a2200205 i 4500 |
| 001 |
c000245763 |
| 003 |
CARM |
| 005 |
00000000000000.0 |
| 008 |
840311s1965 ii 0 eng d |
| 019 |
1 |
|
|a 10220226
|5 LACONCORD2021
|
| 035 |
|
|
|a (OCoLC)221651621
|5 LACONCORD2021
|
| 082 |
0 |
4 |
|a 331.1954
|
| 100 |
1 |
|
|a Vaid, K. N.
|
| 245 |
1 |
0 |
|a State and labour in India.
|
| 260 |
|
|
|a Bombay :
|b Asia Pub. House,
|c [1965].
|
| 300 |
|
|
|a 279 p.
|
| 650 |
|
0 |
|a Labor laws and legislation
|z India.
|
| 852 |
8 |
|
|b CARM
|h A1:AQ19D0
|i C09076
|p 0371436
|f BK
|
| 999 |
f |
f |
|i 5f1cb321-15f1-5fc8-b694-34d13e9d08a6
|s 9dbad31b-aa94-5ee3-8cdc-10b8ec793d42
|
| 952 |
f |
f |
|p Can circulate
|a CAVAL
|b CAVAL
|c CAVAL
|d CARM 1 Store
|e C09076
|f A1:AQ19D0
|h Other scheme
|i book
|m 0371436
|